00654 2200241 4500001002100000005001500021035002000036245009800056100001900154250000600173300003500179700002200214260003600236082000800272084001500280020002200295650001000317990001700327990001700344990001700361990001700378990001700395INLIS00000000000115620190510121759 a0010-05190000471 aSeri Percobaan Sains 1 :bPercobaan Terhadap Air /cW. Tuswanto SN; Editor, Ciceu Indariawati0 aW. Tuswanto SN a- aiv, 68 hlm. :bilus. ;c25 cm.0 aCiceu Indariawati aJakarta :bCV Megah Jaya,c2010 a500 a500 TUS s a978-602-8382-01-4 aSains a04155/H/2018 a04156/H/2018 a04157/H/2018 a04158/H/2018 a04159/H/2018